Chansons Françaises par titres détournés I - Statistiques

Statistiques générales
  • Ce quiz a été pris 1 939 fois
  • Le résultat moyen est 7 sur 20
Statistiques - réponses
Hint Réponse % Correct
Démarrer l'incendie Allumer le feu
94%
Tu dois inspirer puis expirer Respire
72%
Début de semaine sans pluie Le lundi au Soleil
71%
J'effectue une balade en toute solitude Je marche seul
59%
La petite maison de çui là qui ramène du poisson La cabane du pêcheur
53%
Que quelqu'un lui donne un tabouret pour faire sa musique ! Il jouait du piano debout
52%
Les châtelains de la planète Les Rois du monde
49%
Attention au grand singe Gare au gorille
48%
Post printemps sur le Gange L'été Indien
32%
Il m'a donné de quoi croire en Lui Dieu m'a donné la foi
30%
Quand ce millénaire aura 1 an En l'an 2001
24%
Le clan de la Déesse de la fertilité La tribu de Dana
23%
Du Lundi au Mardi, du Mercredi au Jeudi et du Samedi au Dimanche Trois nuits par semaine
23%
U / I = Resiste
21%
Ce film, que si on se décide pas vite, on va louper La dernière séance
20%
Tu ne pourras pas te débarrasser de moi géographiquement parlant J'irai où tu iras
14%
L'affection de l'affection La maladie d'amour
11%
Avec 1 vilain petit canard, on sera laaaaarge Il suffira d'un signe
6%
L'a priori de merde La mauvaise réputation
6%
En bas Le Sud
5%
Aucun quiz correspondant
Distribution des résultats
% des personnes avec chaque résultat
Percentile par nombre de réponses
Votre historique - résultats
Vous n’avez pas pris ce quiz